[Event "Veletrzni turnaj 2017 A"]
[Site "SÅ  informatiky, poÅ¡tovnictvÃ"]
[Date "2017.09.03"]
[Round "9.11"]
[White "Hrdlicka, Vladan"]
[Black "Straka, Vojtech"]
[Result "1-0"]
[WhiteElo "1781"]
[BlackElo "1830"]
[PlyCount "87"]
[EventDate "2017.08.27"]

1. e4 c6 2. d4 d5 3. exd5 cxd5 4. Bd3 Nf6 5. Bf4 Nc6 6. c3 g6 7. Nf3 Bg7 8. O-O
O-O 9. Re1 Re8 10. h3 Nd7 11. Bb5 a6 12. Bxc6 bxc6 13. Nbd2 Qb6 14. b4 f6 15.
Bd6 e5 16. dxe5 fxe5 17. Nb3 Qd8 18. a4 Qf6 19. Bc7 Ra7 20. Ba5 e4 21. Qd4 Qxd4
22. Nfxd4 Ne5 23. Bb6 Rf7 24. Rad1 Bf8 25. Na5 Nd7 26. Ba7 c5 27. Ndc6 cxb4 28.
cxb4 Nf6 29. Bd4 Bd7 30. b5 axb5 31. axb5 Ra8 32. b6 Bxc6 33. Nxc6 Bd6 34. Bxf6
Rxf6 35. b7 Raf8 36. Rb1 Bb8 37. Nxb8 Rxb8 38. Rec1 Rf7 39. Rc8+ Rf8 40. Rxb8
Rxb8 41. Kf1 Kf7 42. h4 Ke7 43. Ke2 d4 44. f3 1-0

[Event "Veletrzni turnaj 2017 A"]
[Site "SÅ  informatiky, poÅ¡tovnictvÃ"]
[Date "2017.09.03"]
[Round "9.12"]
[White "Habina, Martin"]
[Black "Barak, David"]
[Result "1-0"]
[WhiteElo "1972"]
[BlackElo "1785"]
[PlyCount "87"]
[EventDate "2017.08.27"]

1. e4 c6 2. d4 d5 3. exd5 cxd5 4. Bd3 Nc6 5. c3 Nf6 6. Bf4 Bg4 7. Qb3 Qd7 8.
Ne2 Bh5 9. O-O e6 10. Nd2 Be7 11. Rfe1 O-O 12. Bg3 Bxe2 13. Rxe2 Bd6 14. Bh4
Nh5 15. Re3 Bf4 16. Re2 a6 17. Nf3 g6 18. Bg5 Bxg5 19. Nxg5 Nf4 20. Re3 h6 21.
Nf3 Nxd3 22. Rxd3 b5 23. Re1 a5 24. h4 Rab8 25. Qd1 Kg7 26. Qd2 b4 27. h5 g5
28. Ne5 Nxe5 29. Rxe5 f6 30. Re1 f5 31. Rde3 Rfe8 32. Qe2 Rb6 33. Re5 Kf7 34.
c4 dxc4 35. Qxc4 Rd6 36. Rxf5+ Kg7 37. Rxa5 Rxd4 38. Qc5 Re7 39. Qe5+ Kh7 40.
Ra8 Rg7 41. Ra6 Rf7 42. Rxe6 Rd2 43. Qe4+ Kg8 44. Rxh6 1-0

[Event "Veletrzni turnaj 2017 A"]
[Site "SÅ  informatiky, poÅ¡tovnictvÃ"]
[Date "2017.09.03"]
[Round "9.13"]
[White "Zuziak, Petr"]
[Black "Fryda, Dominik"]
[Result "1/2-1/2"]
[WhiteElo "1905"]
[BlackElo "1755"]
[PlyCount "77"]
[EventDate "2017.08.27"]

1. Nf3 Nf6 2. g3 g6 3. Bg2 Bg7 4. d4 d5 5. c4 c6 6. O-O O-O 7. Nc3 Nbd7 8. Qb3
dxc4 9. Qxc4 Nb6 10. Qd3 Re8 11. Ne5 Nfd7 12. f4 Nxe5 13. fxe5 Be6 14. b3 Qd7
15. Ne4 Rad8 16. Bb2 Bf5 17. Qf3 Qd5 18. Nc5 Qxf3 19. Bxf3 Bc8 20. e4 e6 21. a4
Bf8 22. Nd3 a6 23. Bc3 Na8 24. Nf4 Bg7 25. Rfe1 Rd7 26. d5 cxd5 27. exd5 exd5
28. Nxd5 h5 29. a5 Nc7 30. Rad1 Nxd5 31. Bxd5 Rde7 32. e6 Bxe6 33. Bb4 Rd7 34.
Bxe6 Rxd1 35. Bxf7+ Kxf7 36. Rxd1 Re3 37. Rd7+ Kg8 38. Rd8+ Kf7 39. Rd7+
1/2-1/2

[Event "Veletrzni turnaj 2017 A"]
[Site "SÅ  informatiky, poÅ¡tovnictvÃ"]
[Date "2017.09.03"]
[Round "9.14"]
[White "Glozar, Petr"]
[Black "Marsa, Alexandr"]
[Result "0-1"]
[WhiteElo "1740"]
[BlackElo "1905"]
[PlyCount "160"]
[EventDate "2017.08.27"]

1. d4 Nf6 2. c4 e6 3. Nc3 Bb4 4. e3 c5 5. Nf3 O-O 6. Bd3 Nc6 7. O-O Bxc3 8.
bxc3 d6 9. Qe2 e5 10. d5 Ne7 11. e4 Ng6 12. Rb1 b6 13. Re1 Nh5 14. Qc2 Bg4 15.
Nd2 Nhf4 16. Bf1 Bd7 17. Nf3 f5 18. Nd2 fxe4 19. Nxe4 Bf5 20. f3 Qe7 21. Be3
Rf7 22. Bf2 Raf8 23. Qd2 Bxe4 24. Rxe4 Qg5 25. Be3 Qf5 26. Rb2 Qh5 27. a4 Nh4
28. Bxf4 Rxf4 29. Rxf4 Rxf4 30. Qe2 Qg6 31. Kh1 Rf8 32. Qc2 Qxc2 33. Rxc2 e4
34. Be2 exf3 35. gxf3 Nxf3 36. Bxf3 Rxf3 37. Kg2 Rf4 38. a5 bxa5 39. Ra2 Rxc4
40. Rxa5 Rxc3 41. Ra6 Rd3 42. Rxd6 a5 43. Ra6 Rxd5 44. Rxa5 Kf7 45. Kf3 Ke6 46.
Ke3 Rh5 47. Ra2 Ke5 48. Kf3 Kd4 49. Rg2 g6 50. Ke2 Kc3 51. Kd1 c4 52. Kc1 Rf5
53. Rc2+ Kb4 54. Rb2+ Kc5 55. Re2 Rf3 56. Kc2 Kd4 57. Rg2 h5 58. h4 Rh3 59.
Rxg6 Rh2+ 60. Kd1 Rxh4 61. Rg2 Kc3 62. Rg3+ Kb2 63. Rg2+ Kb3 64. Rg8 Rh1+ 65.
Kd2 c3+ 66. Kd3 Rd1+ 67. Ke2 Rd5 68. Rc8 Kc2 69. Ke3 Rb5 70. Kd4 Rb4+ 71. Ke3
Rg4 72. Ke2 Kb2 73. Rb8+ Kc1 74. Rb7 c2 75. Rb8 Rg2+ 76. Ke1 Rg4 77. Ke2 Re4+
78. Kd3 Re7 79. Kc3 Rc7+ 80. Kb3 Kb1 0-1

[Event "Veletrzni turnaj 2017 A"]
[Site "SÅ  informatiky, poÅ¡tovnictvÃ"]
[Date "2017.09.03"]
[Round "9.15"]
[White "Spodny, Josef"]
[Black "Wunsch, Radek"]
[Result "1/2-1/2"]
[WhiteElo "1889"]
[BlackElo "1734"]
[PlyCount "65"]
[EventDate "2017.08.27"]

1. e4 Nc6 2. Nf3 e5 3. Bb5 a6 4. Ba4 Nf6 5. O-O Be7 6. Bxc6 dxc6 7. d3 Nd7 8.
Nbd2 f6 9. Nh4 Nc5 10. Qh5+ Kf8 11. Ng6+ Kg8 12. Nxh8 Kxh8 13. Nc4 Be6 14. Ne3
g6 15. Qe2 Qg8 16. b3 Bd7 17. Ba3 Qg7 18. Bxc5 Bxc5 19. c3 f5 20. b4 Ba7 21.
exf5 gxf5 22. Nc4 Re8 23. Rae1 e4 24. d4 f4 25. Ne5 Rxe5 26. f3 Rg5 27. fxe4
Bh3 28. Rf2 Bg4 29. Qf1 f3 30. Rxf3 Bxf3 31. Qxf3 a5 32. a3 axb4 33. axb4
1/2-1/2

[Event "Veletrzni turnaj 2017 A"]
[Site "SÅ  informatiky, poÅ¡tovnictvÃ"]
[Date "2017.09.03"]
[Round "9.16"]
[White "Pelikan, Jaromir"]
[Black "Nezval, Filip"]
[Result "0-1"]
[WhiteElo "1840"]
[BlackElo "1640"]
[PlyCount "59"]
[EventDate "2017.08.27"]

1. d4 Nf6 2. Nf3 b6 3. g3 Bb7 4. Bg2 e6 5. O-O Be7 6. c4 d6 7. Nc3 Nbd7 8. Qc2
c5 9. e3 Qc7 10. b3 a6 11. Rd1 cxd4 12. exd4 d5 13. Bf4 Bd6 14. Bxd6 Qxd6 15.
cxd5 Nxd5 16. Ne5 Nb4 17. Ne4 Qxe5 18. dxe5 Nxc2 19. Nd6+ Ke7 20. Bxb7 Nxa1 21.
Bxa8 Rxa8 22. Rxa1 Nxe5 23. Ne4 Rc8 24. Kg2 Rc2 25. a3 f5 26. Ng5 h6 27. Nh3 g5
28. Re1 Nd3 29. Re3 Rc3 30. Ng1 0-1

[Event "Veletrzni turnaj 2017 A"]
[Site "SÅ  informatiky, poÅ¡tovnictvÃ"]
[Date "2017.09.03"]
[Round "9.17"]
[White "Khadash, Samuel"]
[Black "Blazek, Pavel"]
[Result "1-0"]
[WhiteElo "1389"]
[BlackElo "1757"]
[PlyCount "65"]
[EventDate "2017.08.27"]

1. e4 Nc6 2. d4 e5 3. dxe5 Nxe5 4. f4 Nc6 5. Nf3 Bb4+ 6. Bd2 Qe7 7. Qe2 Bxd2+
8. Nbxd2 Nb4 9. Nb3 d5 10. e5 Bg4 11. h4 Nh6 12. c3 Na6 13. Qf2 O-O 14. Bd3 f6
15. Qe3 Nf5 16. Bxf5 Bxf5 17. O-O-O c6 18. Rhe1 fxe5 19. Nxe5 Qxh4 20. Rh1 Qf6
21. g4 Be4 22. Rhf1 Qe7 23. g5 Nc7 24. Nd2 Bf5 25. Rh1 d4 26. Qxd4 Nd5 27. Rh2
Rad8 28. Rdh1 a5 29. g6 Nb4 30. Qc4+ Rd5 31. Rxh7 Nd3+ 32. Qxd3 Rxe5 33. Rh8#
1-0

[Event "Veletrzni turnaj 2017 A"]
[Site "SÅ  informatiky, poÅ¡tovnictvÃ"]
[Date "2017.09.03"]
[Round "9.18"]
[White "Richterova, Julie"]
[Black "Vavrinkova, Anna"]
[Result "1-0"]
[WhiteElo "1715"]
[BlackElo "1596"]
[PlyCount "65"]
[EventDate "2017.08.27"]

1. d4 d5 2. Nf3 Nf6 3. g3 g6 4. Bg2 Bg7 5. O-O O-O 6. c4 c6 7. b3 b6 8. Bb2 Bb7
9. Nc3 e6 10. Qc2 Nbd7 11. e4 dxe4 12. Nxe4 Nxe4 13. Qxe4 Qc7 14. Qe2 c5 15.
dxc5 Nxc5 16. Rfd1 Rfd8 17. Bxg7 Kxg7 18. Qb2+ Kg8 19. Ne5 Bxg2 20. Kxg2 Rxd1
21. Rxd1 Rd8 22. Rxd8+ Qxd8 23. Ng4 h5 24. Nh6+ Kf8 25. Qh8+ Ke7 26. Qxd8+ Kxd8
27. Nxf7+ Ke7 28. Ne5 Kd6 29. Nxg6 Ne4 30. Kf3 Nc3 31. a4 Nb1 32. Ke3 a6 33.
Nf4 1-0

[Event "Veletrzni turnaj 2017 A"]
[Site "SÅ  informatiky, poÅ¡tovnictvÃ"]
[Date "2017.09.03"]
[Round "9.19"]
[White "Prokop, Jiri"]
[Black "Khadash, Kamil"]
[Result "0-1"]
[WhiteElo "1701"]
[BlackElo "1540"]
[PlyCount "114"]
[EventDate "2017.08.27"]

1. f4 d5 2. Nf3 c5 3. e3 Bf5 4. d4 e6 5. c3 c4 6. Be2 Nf6 7. O-O Be7 8. Ne5 h6
9. Nd2 Qa5 10. g4 Be4 11. g5 hxg5 12. fxg5 Nfd7 13. Nxf7 Rh4 14. Nxe4 dxe4 15.
Bh5 Nf6 16. gxf6 Bxf6 17. Ne5+ Kd8 18. Rf4 Rxf4 19. exf4 Nd7 20. Qg4 Qd5 21.
Be3 Kc7 22. Rd1 Rh8 23. Qe2 Be7 24. Bg4 b5 25. Ng6 Re8 26. Nxe7 Rxe7 27. Rf1
Nf6 28. h3 g6 29. Bf2 Rh7 30. Bg3 Kb6 31. Qf2 a5 32. Bxe6 Qxe6 33. d5+ e3 34.
dxe6 exf2+ 35. Bxf2+ Kc7 36. Bd4 Nd5 37. Kg2 Re7 38. f5 gxf5 39. Rxf5 Kc6 40.
Re5 Nf4+ 41. Kg3 Nxe6 42. Re4 Nxd4 43. Rxd4 Re2 44. a4 Rxb2 45. axb5+ Kxb5 46.
Rd5+ Kb6 47. Rd6+ Kc5 48. Rd8 Rb3 49. Rc8+ Kb5 50. h4 Rxc3+ 51. Kg4 Rc1 52. h5
c3 53. Kg5 c2 54. Kh6 a4 55. Kh7 a3 56. h6 a2 57. Rb8+ Kc6 0-1

[Event "Veletrzni turnaj 2017 A"]
[Site "SÅ  informatiky, poÅ¡tovnictvÃ"]
[Date "2017.09.03"]
[Round "9.20"]
[White "Tajovsky, Matej"]
[Black "Rehurek, Karel"]
[Result "1-0"]
[WhiteElo "1657"]
[BlackElo "1826"]
[PlyCount "50"]
[EventDate "2017.08.27"]

1. e4 e5 2. Nf3 Nc6 3. Nc3 Nf6 4. Bb5 Nd4 5. Bc4 Nxf3+ 6. Qxf3 d6 7. O-O Be7 8.
d3 Bg4 9. Qg3 Qd7 10. f4 Nh5 11. Qe1 exf4 12. Bxf4 O-O 13. Nd5 Bd8 14. Qf2 c6
15. Ne3 Bb6 16. Rae1 d5 17. exd5 cxd5 18. Bb3 Bf5 19. c3 Rae8 20. d4 Bd3 21.
Nxd5 Bxf1 22. Rxf1 Re6 23. Bg5 h6 24. Qf3 hxg5 25. Qxh5 Rg6 1-0

[Event "Veletrzni turnaj 2017 A"]
[Site "SÅ  informatiky, poÅ¡tovnictvÃ"]
[Date "2017.09.03"]
[Round "9.21"]
[White "Tajovsky, Simon"]
[Black "Feldvabl, Vilem"]
[Result "1-0"]
[WhiteElo "1293"]
[BlackElo "1654"]
[PlyCount "61"]
[EventDate "2017.08.27"]

1. d4 d5 2. c4 e6 3. Nc3 Nf6 4. Nf3 h6 5. Bf4 Bd6 6. Ne5 dxc4 7. e3 Bxe5 8.
Bxe5 Nc6 9. Bg3 Nd5 10. Bxc4 Nxc3 11. bxc3 a6 12. O-O b5 13. Bb3 Bb7 14. Rb1
Na5 15. a4 c6 16. Be5 O-O 17. Qg4 Qg5 18. Qxg5 hxg5 19. Bd6 Rfc8 20. Bb4 Nc4
21. Bxc4 c5 22. Bxc5 Be4 23. axb5 Bxb1 24. Rxb1 axb5 25. Bxb5 Ra2 26. c4 Rca8
27. h3 Re2 28. Bd6 Raa2 29. Bg3 f5 30. c5 Red2 31. Bc4 1-0

[Event "Veletrzni turnaj 2017 A"]
[Site "SÅ  informatiky, poÅ¡tovnictvÃ"]
[Date "2017.09.03"]
[Round "9.22"]
[White "Strelec, Ladislav"]
[Black "Richter, Rudolf"]
[Result "0-1"]
[WhiteElo "1551"]
[BlackElo "1251"]
[PlyCount "110"]
[EventDate "2017.08.27"]

1. d4 d5 2. c4 e5 3. e3 Nc6 4. Nc3 Nf6 5. a3 Bf5 6. Nf3 e4 7. Ne5 Nxe5 8. dxe5
Nd7 9. Qa4 c6 10. cxd5 Nb6 11. Qb3 cxd5 12. Bb5+ Bd7 13. Nxd5 Nxd5 14. Qxd5
Bxb5 15. Qxb5+ Qd7 16. Qe2 Rd8 17. O-O Qd5 18. b4 Qxe5 19. Bb2 Qd6 20. Qb5+ Qd7
21. Qe5+ Qe7 22. Qg3 f6 23. Qg4 Kf7 24. Rfd1 Rd3 25. Rxd3 exd3 26. Qc4+ Qe6 27.
Qxd3 Qd6 28. Qc4+ Qe6 29. Qc7+ Qe7 30. Qc8 g6 31. Rd1 Kg8 32. Rd7 Qe4 33. h3
Qb1+ 34. Bc1 Qf5 35. Qxb7 h6 36. Qxa7 Qc2 37. Rc7 Qd1+ 38. Kh2 Bd6+ 39. f4 Bxc7
40. Qxc7 Qb3 41. Qd8+ Kg7 42. Qd4 Qc2 43. Qd7+ Kf8 44. Qe6 Kg7 45. Qe7+ Kg8 46.
Qxf6 Qxc1 47. Qxg6+ Kf8 48. Qd6+ Kf7 49. Qd5+ Kf8 50. Qe5 Rh7 51. f5 Qc7 52.
Qxc7 Rxc7 53. Kg3 Rc3 54. Kf4 Rxa3 55. g4 Ra4 0-1

[Event "Veletrzni turnaj 2017 A"]
[Site "SÅ  informatiky, poÅ¡tovnictvÃ"]
[Date "2017.09.03"]
[Round "9.23"]
[White "Zejda, Karel"]
[Black "Ivan, Laszlo"]
[Result "1-0"]
[WhiteElo "1671"]
[BlackElo "1482"]
[PlyCount "55"]
[EventDate "2017.08.27"]

1. d4 Nf6 2. Nf3 g6 3. Bf4 Bg7 4. h3 O-O 5. e3 d6 6. Be2 Re8 7. O-O Bd7 8. Nbd2
e6 9. c3 Qe7 10. e4 Nc6 11. Re1 e5 12. Bg5 h6 13. Bh4 g5 14. dxe5 Nxe5 15. Nxe5
Qxe5 16. Bg3 Qe7 17. Bf3 c6 18. Nc4 d5 19. Nd6 Reb8 20. Nf5 Bxf5 21. Bxb8 Rxb8
22. exf5 Qd7 23. g4 h5 24. Qd2 Nh7 25. Re2 hxg4 26. hxg4 Re8 27. Rae1 Rxe2 28.
Rxe2 1-0

[Event "Veletrzni turnaj 2017 A"]
[Site "SÅ  informatiky, poÅ¡tovnictvÃ"]
[Date "2017.09.03"]
[Round "9.24"]
[White "Koci, Milos"]
[Black "Habinova, Alice"]
[Result "0-1"]
[WhiteElo "1302"]
[BlackElo "1393"]
[PlyCount "120"]
[EventDate "2017.08.27"]

1. d4 Nf6 2. c4 g6 3. Nc3 Bg7 4. Nf3 O-O 5. g3 d6 6. Bg2 Nbd7 7. O-O c5 8. d5
a6 9. b3 Ne4 10. Qc2 Bxc3 11. Bb2 Bxb2 12. Qxb2 Ndf6 13. Qc1 Kg7 14. Qb2 Bf5
15. Nh4 Qd7 16. Bf3 Ng5 17. Bg2 Bh3 18. f4 Bxg2 19. fxg5 Bxf1 20. Rxf1 Qd8 21.
Nf3 h6 22. gxf6+ exf6 23. e4 Qe7 24. Nd2 Qe5 25. Qc2 b5 26. Kg2 Rfb8 27. Nf3
Qe7 28. Nd2 bxc4 29. Nxc4 a5 30. a4 Rb4 31. Rf3 Rbb8 32. Nd2 Re8 33. Rf4 f5 34.
exf5 Qe2+ 35. Rf2 Qg4 36. fxg6 fxg6 37. Qc3+ Qd4 38. Qf3 Rf8 39. Qe2 Rxf2+ 40.
Qxf2 Qxd5+ 41. Kh3 Rf8 42. Qe3 Rf6 43. Qe7+ Qf7 44. Qe4 Qe6+ 45. Kg2 Qxe4+ 46.
Nxe4 Re6 47. Kf3 g5 48. h3 Kf7 49. h4 gxh4 50. gxh4 Kg6 51. Kf4 Kh5 52. Kf5
Re5+ 53. Kf4 Kxh4 54. Nxd6 Rd5 55. Ne4 Rd4 56. Ke3 Rxe4+ 57. Kxe4 Kg3 58. Kd5
h5 59. Kxc5 h4 60. Kb5 h3 0-1

[Event "Veletrzni turnaj 2017 A"]
[Site "SÅ  informatiky, poÅ¡tovnictvÃ"]
[Date "2017.09.03"]
[Round "9.25"]
[White "Dvorakova, Olga"]
[Black "Vaculik, Martin"]
[Result "1-0"]
[WhiteElo "1678"]
[BlackElo "1400"]
[PlyCount "71"]
[EventDate "2017.08.27"]

1. d4 d5 2. c4 Nc6 3. Nf3 Bg4 4. Nc3 e6 5. Bg5 Be7 6. Bxe7 Ngxe7 7. e3 O-O 8.
Be2 dxc4 9. Bxc4 a6 10. O-O Qd7 11. Be2 Rac8 12. Rc1 Rfd8 13. Qb3 Rb8 14. Rfd1
Qc8 15. h3 Bh5 16. Rd2 Nd5 17. Rcd1 Nce7 18. Ne5 Bxe2 19. Nxe2 Ng6 20. Qc2 c6
21. a3 Nxe5 22. dxe5 Qc7 23. e4 Ne7 24. Rd6 Ng6 25. Qc3 Rxd6 26. exd6 Qd7 27.
e5 Nf8 28. Ng3 Qd8 29. Ne4 Nd7 30. Nc5 Nxc5 31. Qxc5 Qd7 32. Qb6 Qd8 33. Qc7
Kf8 34. Rd3 Ke8 35. d7+ Kf8 36. Qxb8 1-0

[Event "Veletrzni turnaj 2017 A"]
[Site "?"]
[Date "2017.09.02"]
[Round "8.7"]
[White "Zpevakova, Jana"]
[Black "Zuziak, Petr"]
[Result "1-0"]
[WhiteElo "2134"]
[BlackElo "1905"]
[PlyCount "87"]
[EventDate "2017.??.??"]

1. d4 Nf6 2. c4 g6 3. Nc3 d5 4. cxd5 Nxd5 5. Bd2 Bg7 6. Nf3 O-O 7. Rc1 c6 8. e3
Nd7 9. Bc4 N7b6 10. Bb3 Nxc3 11. Bxc3 Nd5 12. Bd2 Bg4 13. O-O e5 14. e4 Nb6 15.
Bb4 Re8 16. h3 Bxf3 17. Qxf3 Qf6 18. Qxf6 Bxf6 19. d5 cxd5 20. exd5 a5 21. Bc5
Ra6 22. a3 Rd8 23. Rcd1 Nd7 24. Be3 e4 25. Bc4 Rd6 26. b3 Be5 27. f3 exf3 28.
Rxf3 f5 29. Bf2 Kg7 30. Re3 Kf6 31. Rde1 g5 32. a4 Re8 33. R3e2 Rd8 34. g3 Re8
35. Kg2 Re7 36. Be3 h6 37. Bd4 h5 38. Bb2 f4 39. Ba3 Rb6 40. Bxe7+ Kxe7 41.
Rxe5+ Nxe5 42. Rxe5+ Kf6 43. Re6+ Rxe6 44. dxe6 1-0

[Event "Veletrzni turnaj 2017 A"]
[Site "?"]
[Date "2017.09.02"]
[Round "8.11"]
[White "Straka, Vojtech"]
[Black "Licka, Vlastimil"]
[Result "1/2-1/2"]
[WhiteElo "1830"]
[BlackElo "1931"]
[PlyCount "24"]
[EventDate "2017.??.??"]
[SourceDate "2017.09.02"]

1. d4 Nf6 2. c4 e6 3. Nc3 d5 4. Nf3 Be7 5. g3 O-O 6. Bg2 dxc4 7. Ne5 c5 8. e3
cxd4 9. exd4 Na6 10. Nxc4 Nc7 11. O-O Ncd5 12. Ne3 b6 1/2-1/2

[Event "Veletrzni turnaj 2017 A"]
[Site "?"]
[Date "2017.09.02"]
[Round "8.18"]
[White "Wunsch, Radek"]
[Black "Tajovsky, Simon"]
[Result "1-0"]
[WhiteElo "1734"]
[BlackElo "1293"]
[PlyCount "63"]
[EventDate "2017.??.??"]
[SourceDate "2017.09.02"]

1. e4 c5 2. Nf3 Nc6 3. Bb5 g6 4. Bxc6 bxc6 5. d3 Bg7 6. O-O Nf6 7. Nc3 d6 8. e5
Nd5 9. exd6 Nxc3 10. dxe7 Qxe7 11. bxc3 O-O 12. Bd2 Be6 13. Re1 Qc7 14. Ng5 Bf5
15. Ne4 c4 16. d4 Rfe8 17. Qf3 Rad8 18. Bg5 Rb8 19. Bf4 Qb7 20. Bxb8 Qxb8 21.
Nc5 Qa8 22. Re2 Qb8 23. Rae1 Rxe2 24. Qxe2 Bf8 25. g4 Bc8 26. Qe8 Qc7 27. h3 a5
28. a4 h6 29. Kg2 g5 30. Re4 h5 31. gxh5 Bb7 32. h6 1-0